<?xml version="1.0" encoding="UTF-8"?>
<record
    xmlns:xsi="http://www.w3.org/2001/XMLSchema-instance"
    xsi:schemaLocation="http://www.loc.gov/MARC21/slim http://www.loc.gov/standards/marcxml/schema/MARC21slim.xsd"
    xmlns="http://www.loc.gov/MARC21/slim">

  <leader>02806nam a2200313 i 4500</leader>
  <controlfield tag="001">on1396071470</controlfield>
  <controlfield tag="003">OCoLC</controlfield>
  <controlfield tag="005">20251020124337.0</controlfield>
  <controlfield tag="008">230623t20232023fr            000 f fre d</controlfield>
  <datafield tag="010" ind1=" " ind2=" ">
    <subfield code="a">2023431841</subfield>
  </datafield>
  <datafield tag="020" ind1=" " ind2=" ">
    <subfield code="a">9782378803759</subfield>
    <subfield code="q">(paperback)</subfield>
  </datafield>
  <datafield tag="035" ind1=" " ind2=" ">
    <subfield code="a">(OCoLC)1396071470</subfield>
    <subfield code="z">(OCoLC)1395541703</subfield>
    <subfield code="z">(OCoLC)1401158743</subfield>
  </datafield>
  <datafield tag="037" ind1=" " ind2=" ">
    <subfield code="a">204016633</subfield>
    <subfield code="b">Groupe Archambault</subfield>
  </datafield>
  <datafield tag="040" ind1=" " ind2=" ">
    <subfield code="a">HUL</subfield>
    <subfield code="b">eng</subfield>
    <subfield code="e">rda</subfield>
    <subfield code="c">HUL</subfield>
    <subfield code="d">OCLCO</subfield>
    <subfield code="d">PUL</subfield>
    <subfield code="d">DLC</subfield>
    <subfield code="d">QGK</subfield>
    <subfield code="d">QGJ</subfield>
    <subfield code="d">CGU</subfield>
    <subfield code="d">C3L</subfield>
    <subfield code="d">EWF</subfield>
    <subfield code="d">AUXAM</subfield>
    <subfield code="d">TOH</subfield>
    <subfield code="d">FUG</subfield>
    <subfield code="d">ERASP</subfield>
    <subfield code="d">EEM</subfield>
    <subfield code="d">MNN</subfield>
    <subfield code="d">MBB</subfield>
    <subfield code="d">OCLCO</subfield>
    <subfield code="d">WTV</subfield>
    <subfield code="d">GUA</subfield>
    <subfield code="d">OCLCF</subfield>
    <subfield code="d">CDS</subfield>
    <subfield code="d">JHE</subfield>
    <subfield code="d">UOH</subfield>
  </datafield>
  <datafield tag="050" ind1=" " ind2="4">
    <subfield code="a">PQ2701.N374</subfield>
    <subfield code="b">V45 2023</subfield>
  </datafield>
  <datafield tag="100" ind1=" " ind2=" ">
    <subfield code="a">Andrea, Jean-Baptiste,</subfield>
    <subfield code="d">1971-</subfield>
    <subfield code="e">author.</subfield>
  </datafield>
  <datafield tag="245" ind1="1" ind2="0">
    <subfield code="a">Veiller sur elle </subfield>
    <subfield code="c">/ Jean-Baptiste Andrea.</subfield>
  </datafield>
  <datafield tag="264" ind1=" " ind2="1">
    <subfield code="a">Paris :</subfield>
    <subfield code="b">L'Iconoclaste,</subfield>
    <subfield code="c">[2023]</subfield>
  </datafield>
  <datafield tag="300" ind1=" " ind2=" ">
    <subfield code="a">580 pages ;</subfield>
    <subfield code="c">20 cm.</subfield>
  </datafield>
  <datafield tag="500" ind1=" " ind2=" ">
    <subfield code="a">Novel.</subfield>
  </datafield>
  <datafield tag="520" ind1=" " ind2=" ">
    <subfield code="a">Au grand jeu du destin, Mimo a tir&#xE9; les mauvaises cartes. N&#xE9; pauvre, il est confi&#xE9; en apprentissage &#xE0; un sculpteur de pierre sans envergure. Mais il a du g&#xE9;nie entre les mains. Toutes les f&#xE9;es ou presque se sont pench&#xE9;es sur Viola Orsini. H&#xE9;riti&#xE8;re d'une famille prestigieuse, elle a pass&#xE9; son enfance &#xE0; l'ombre d'un palais g&#xE9;nois. Mais elle a trop d'ambition pour se r&#xE9;signer &#xE0; la place qu'on lui assigne.
Ces deux-l&#xE0; n'auraient jamais d&#xFB; se rencontrer. Au premier regard, ils se reconnaissent et se jurent de ne jamais se quitter. Viola et Mimo ne peuvent ni vivre ensemble, ni rester longtemps loin de l'autre. Li&#xE9;s par une attraction ind&#xE9;fectible, ils traversent des ann&#xE9;es de fureur quand l'Italie bascule dans le fascisme. Mimo prend sa revanche sur le sort, mais &#xE0; quoi bon la gloire s'il doit perdre Viola ?
Un roman plein de fougue et d'&#xE9;clats, habit&#xE9; par la gr&#xE2;ce et la beaut&#xE9;.</subfield>
    <subfield code="c">Provided by publisher.</subfield>
  </datafield>
  <datafield tag="520" ind1=" " ind2=" ">
    <subfield code="a">In the great game of destiny, Mimo was dealt the wrong cards. Born into poverty, he is apprenticed to a mediocre stonemason. Yet in his hands lies true genius. Viola Orsini, by contrast, has had almost every blessing. Heiress to a prestigious family, she grew up in the shadow of a grand Genoese palazzo. But her ambitions are far greater than the role assigned to her.

These two should never have met. And yet, at first glance, they recognise one another and vow never to part. Viola and Mimo can neither live together nor stay apart for long. Bound by an unbreakable attraction, they endure the turmoil of an Italy descending into fascism. Mimo wins his revenge on fate &#x2013; but what use is glory if it means losing Viola?

A novel brimming with fire and brilliance, graced with beauty and passion.</subfield>
  </datafield>
  <datafield tag="586" ind1=" " ind2=" ">
    <subfield code="a">Prix Goncourt 2023.</subfield>
  </datafield>
  <datafield tag="586" ind1=" " ind2=" ">
    <subfield code="a">Prix du Roman FNAC 2023.</subfield>
  </datafield>
  <datafield tag="650" ind1=" " ind2="0">
    <subfield code="a">Man-woman relationships </subfield>
    <subfield code="v">Fiction</subfield>
    <subfield code="9">11134</subfield>
  </datafield>
  <datafield tag="651" ind1=" " ind2="0">
    <subfield code="a">Italy</subfield>
    <subfield code="x">History</subfield>
    <subfield code="y">20th century</subfield>
    <subfield code="v">Fiction.</subfield>
  </datafield>
  <datafield tag="655" ind1=" " ind2="0">
    <subfield code="a">Historical fiction</subfield>
    <subfield code="9">22722</subfield>
  </datafield>
  <datafield tag="942" ind1=" " ind2=" ">
    <subfield code="2">lcc</subfield>
  </datafield>
  <datafield tag="952" ind1=" " ind2=" ">
    <subfield code="0">0</subfield>
    <subfield code="1">0</subfield>
    <subfield code="2">lcc</subfield>
    <subfield code="4">0</subfield>
    <subfield code="7">0</subfield>
    <subfield code="a">TBS</subfield>
    <subfield code="b">TBS</subfield>
    <subfield code="d">2025-10-01</subfield>
    <subfield code="l">0</subfield>
    <subfield code="o">P-FR AND</subfield>
    <subfield code="p">B06059</subfield>
    <subfield code="r">2025-10-01</subfield>
    <subfield code="t">1</subfield>
    <subfield code="w">2025-10-01</subfield>
    <subfield code="y">1</subfield>
  </datafield>
  <datafield tag="999" ind1=" " ind2=" ">
    <subfield code="c">4571</subfield>
    <subfield code="d">4571</subfield>
  </datafield>
</record>
